বাংলাদেশ জেলা গেজেটীয়ার: পটুয়াখালী: (Record no. 27329)

MARC details
000 -LEADER
fixed length control field 01299nam a22002057a 4500
003 - CONTROL NUMBER IDENTIFIER
control field BDDh-ASL
005 - DATE AND TIME OF LATEST TRANSACTION
control field 20231015030744.0
008 - FIXED-LENGTH DATA ELEMENTS--GENERAL INFORMATION
fixed length control field 211101s1986 b ||||| |||| 00| 0 b d
040 ## - CATALOGING SOURCE
Transcribing agency BDDh-ASL
082 ## - DEWEY DECIMAL CLASSIFICATION NUMBER
Classification number 910.35492
Item number BAN
245 00 - TITLE STATEMENT
Title বাংলাদেশ জেলা গেজেটীয়ার: পটুয়াখালী:
Remainder of title (পটুয়াখালী ও বরগুনা জেলা পুনর্বিন্যাসের পূর্ব বিবরণ) /
246 ## - VARYING FORM OF TITLE
Title proper/short title Bangladesh District Gazetteer: Potuakhali
260 ## - PUBLICATION, DISTRIBUTION, ETC.
Place of publication, distribution, etc. ঢাকা:
Name of publisher, distributor, etc. সংস্থাপন মন্ত্রণালয়, গণপ্রজাতন্ত্রী বাংলাদেশ সরকার,
Date of publication, distribution, etc. ১৯৮৬।
300 ## - PHYSICAL DESCRIPTION
Extent ২৯৬ পৃষ্ঠা, :
Other physical details ছবি ও ম্যাপ;
Dimensions ২৪ সে. মি.
504 ## - BIBLIOGRAPHY, ETC. NOTE
Bibliography, etc. note গ্রন্থপঞ্জি ও নিঘন্ট সংযুক্ত ।
650 #0 - SUBJECT ADDED ENTRY--TOPICAL TERM
9 (RLIN) 5558
Topical term or geographic name entry element District Gazetteer (জেলা গেজেটীয়ার)
General subdivision বরগুনা
651 #0 - SUBJECT ADDED ENTRY--GEOGRAPHIC NAME
Geographic name Patuakhali (পটুয়াখালী)
Geographic subdivision Bangladesh (বাংলাদেশ)
9 (RLIN) 5560
700 1# - ADDED ENTRY--PERSONAL NAME
9 (RLIN) 5557
Personal name লতিফ, এম. এ.
Titles and other words associated with a name মেজর জেনারেল (অবসরপ্রাপ্ত)
942 ## - ADDED ENTRY ELEMENTS (KOHA)
Source of classification or shelving scheme Dewey Decimal Classification
Koha item type Books
Holdings
Withdrawn status Lost status Source of classification or shelving scheme Damaged status Not for loan Collection code Home library Current library Shelving location Date acquired Source of acquisition Total Checkouts Full call number Barcode Date last seen Copy number Price effective from Koha item type Public note
    Dewey Decimal Classification   Not For Loan Non-fiction Asiatic Society Library Asiatic Society Library General Stacks 11/01/2021 ASB Collection   910.35492 BAN 113425 11/01/2021 1 11/01/2021 Books RARE
    Dewey Decimal Classification   Not For Loan Non-fiction Asiatic Society Library Asiatic Society Library Reference 11/07/2021 ASB Library Collection   910.35492 BAN 113833 11/07/2021 C-2 11/07/2021 Books RARE

Powered by Koha